LABORATORY MANUAL IN ROCK MECHANICS AND STRATA CONTROL : for diploma minning (Record no. 8581)

MARC details
000 -LEADER
fixed length control field 00428nam a22001577a 4500
005 - DATE AND TIME OF LATEST TRANSACTION
control field 20240831143609.0
008 - FIXED-LENGTH DATA ELEMENTS--GENERAL INFORMATION
fixed length control field 240830b |||||||| |||| 00| 0 eng d
041 ## - LANGUAGE CODE
Language code of text/sound track or separate title eng
082 ## - DEWEY DECIMAL CLASSIFICATION NUMBER
Classification number 622.2 CHA
100 ## - MAIN ENTRY--AUTHOR NAME
Personal name CHANDAN, K. HARI
245 ## - TITLE STATEMENT
Title LABORATORY MANUAL IN ROCK MECHANICS AND STRATA CONTROL : for diploma minning
260 ## - PUBLICATION, DISTRIBUTION, ETC. (IMPRINT)
Place of publication HYDERABAD
Name of publisher PLANET PUBLISHING HOUSE
300 ## - PHYSICAL DESCRIPTION
Number of Pages 62;p
650 ## - SUBJECT ADDED ENTRY--TOPICAL TERM
Topical Term MINNING
942 ## - ADDED ENTRY ELEMENTS (KOHA)
Koha item type Books
Holdings
Lost status Damaged status Collection code Home library Current library Shelving location Date acquired Source of acquisition Cost, normal purchase price Full call number Accession Number Koha item type
    Reference JRU Library JRU Library SHELF-7-H 30/08/2024 PURCHASE 75.00 622.2 28298 Books
    MINING JRU Library JRU Library SHELF-94-A 30/08/2024 PURCHASE 75.00 622.2 28299 Books
    MINING JRU Library JRU Library SHELF-94-A 30/08/2024 PURCHASE 75.00 622.2 28300 Books